000 00554nam a22002051a 4500
001 3366
003 OSt
005 20260204211847.0
008 040830s2001||||mx ||||||b||||||||||spa||
020 _a9702600308
050 _a909.8 D378h
082 _a909.8 D378h
100 _aDelgado, Gloria M.
245 _aHistoria universal: De la era de las revoluciones al mundo globalizado / Gloria M. Delgado
264 _aMéxico : Pearson Educación
300 _a538 p
500 _aIncluye indice
650 _a1.Historia UniversalÌ
942 _2ddc
_cBK
999 _c3366
_d3366